| 000 | 00658nam a22002297a 4500 | ||
|---|---|---|---|
| 999 |
_c7737 _d7737 |
||
| 003 | OSt | ||
| 005 | 20220223124251.0 | ||
| 008 | 220223b ||||| |||| 00| 0 eng d | ||
| 020 | _a015546907X | ||
| 040 | _cDDC | ||
| 082 | _a530GRE 1973 | ||
| 100 |
_aGreider, Ken _915788 |
||
| 245 | _aInvitation to physics. | ||
| 260 |
_aNew York; _bHarcourt Brace Jovanovich; _c1973 |
||
| 300 |
_axix, 315 p.: _b illus.; _c25 cm |
||
| 504 | _aIncludes bibliographical references | ||
| 650 |
_aPhysics _9809 |
||
| 650 |
_aPhysics -- History _915789 |
||
| 650 |
_aAstronomy -- History _915790 |
||
| 650 |
_aPhysicists -- Biography _915791 |
||
| 942 |
_2ddc _cO_SHELF |
||